ბათუმის შოთა რუსთაველის სახელმწიფო უნივერსიტეტის ბიბლიოთეკა

ვედრება : (ბიბ.ჩანაწერი № 40777)

000 -ლიდერი
ფიქსირებული სიგრძის საკონტროლო ველი 00939nam a2200229Ia 4500
001 - საკონტროლო ნომერი
საკონტროლო ველი 7416
003 - საკონტროლო ნომრის იდენტიფიკატორი
საკონტროლო ველი GE_BSU
005 - ბოლო ოპერაციის თარიღი და დრო
საკონტროლო ველი 20231207173940.0
008 - ფიქსირებული სიგრძის მონაცემთა ელემენტები - ზოგადი ინფორმაცია
ფიქსირებული სიგრძის საკონტროლო ველი 181216s2000||||ge |||||||||||||| ||geo||
040 ## - კატალოგიზაციის წყარო
Transcribing agency GE_BSU
041 ## - ენის კოდი
Language code of text/sound track or separate title geo
080 ## - უნივერსალური ათობითი კლასიფიკაციის ინდექსი
Universal Decimal Classification number 821.353.1 დ-19
100 ## - მთავარი ჩანაწერი - პიროვნების სახელი
Personal name დანელია, მირანდა
9 (RLIN) 20628
245 ## - ცნობა სათაურის შესახებ
Title ვედრება :
Remainder of title ლექსები; მინიატურები /
Statement of responsibility, etc მირანდა დანელია ; რედ. ხათუნა თავდგირიძე.
264 ## - წარმოების, გამოცემის, დისტრიბუციის და სხვა ცნობები
გამოცემის, წარმოების, დისტრიბუციის... ადგილი ბათუმი :
გამოცემის, წარმოების, დისტრიბუციის... სახელწოდება გამ-ბა აჭარა,
გამოცემის, წარმოების, დისტრიბუციის... თარიღი 2000.
300 ## - ფიზიკური აღწერა
Extent 44 გვ.;
Other physical details ფოტო-პორტრეტი,
Dimensions 20 სმ.
653 ## - INDEX TERM--UNCONTROLLED
Uncontrolled term ვედრება
653 ## - INDEX TERM--UNCONTROLLED
Uncontrolled term ლექსები
653 ## - INDEX TERM--UNCONTROLLED
Uncontrolled term მინიატურები
700 ## - ADDED ENTRY--PERSONAL NAME
Personal name თავდგირიძე, ხათუნა
Relator term რედაქტორი
9 (RLIN) 20629
942 ## - ADDED ENTRY ELEMENTS (KOHA)
Koha item type წიგნი
Source of classification or shelving scheme
ეგზემპლარები
ჩამოწერის სტატუსი დაკარგული ეგზემპლარის სტატუსი კლასიფიკაციის წყარო ან თაროზე გაწყობის სქემა დაზიანების სტატუსი არ გაიცემა მუდმივი მდებარეობა (დაცვის ადგილი) ამჟამინდელი ადგილსამყოფელი თაროზე განთავსების ადგილი შეძენის თარიღი ღირებულება, შესყიდვის ნორმალური ფასი სრული შენახვის შიფრი შტრიხკოდი ბოლო ოპერაციის თარიღი ეგზემპლარის მიმდევრობითი ნომერი (კეტერი?) ფასის ძალაში შესვლის თარიღი ეგზემპლარის სახეობა საჯარო შენიშვნა
          ბათუმის შოთა რუსთაველის სახელმწიფო უნივერსიტეტის მთავარი ბიბლიოთეკა ბათუმის შოთა რუსთაველის სახელმწიფო უნივერსიტეტის მთავარი ბიბლიოთეკა წიგნსაცავი 2018-12-17 3.00 821.353.1 დ-19 23264 2018-12-17 23264 2018-12-17 წიგნი 3.00 ₾.